<?xml version="1.0" encoding="UTF-8"?>
<marc:record xmlns:marc="http://www.loc.gov/MARC21/slim">
   <marc:leader>00000nam a2200000 a 4500</marc:leader>
   <marc:datafield ind1="1" ind2=" " tag="100">
      <marc:subfield code="a">Aschenbrenner, Eva</marc:subfield>
      <marc:subfield code="4">aut</marc:subfield>
      <marc:subfield code="e">Verfasser/-in</marc:subfield>
   </marc:datafield>
   <marc:datafield ind1="1" ind2=" " tag="100">
      <marc:subfield code="a">Throll, Angelika</marc:subfield>
   </marc:datafield>
   <marc:datafield ind1="0" ind2="0" tag="245">
      <marc:subfield code="a">Rezepte für die Gesundheit</marc:subfield>
   </marc:datafield>
   <marc:datafield ind1="0" ind2="0" tag="245">
      <marc:subfield code="c">Eva Aschenbrenner. Zusammengestellt von Angelika Throll</marc:subfield>
   </marc:datafield>
   <marc:datafield ind1=" " ind2="1" tag="264">
      <marc:subfield code="a">Stuttgart</marc:subfield>
      <marc:subfield code="b">Franckh-Kosmos-Verl.</marc:subfield>
      <marc:subfield code="c">2017</marc:subfield>
   </marc:datafield>
   <marc:datafield ind1="1" ind2=" " tag="520">
      <marc:subfield code="a">Die berühmte Kräuterfrau aus Oberbayern verrät ihre 200 besten Rezepte für Gesundheit und Wohlbefinden. Das Richtige kochen und backen, darauf kommt es an: Suppen, Wildkräutersalate, Hauptspeisen und Brotaufstriche. Auch Heil- und Erfrischungstees, Kräuterschnäpse, Weine, Tinkturen, Bäder und Heilsalben tun gut und helfen, gesund zu bleiben. Darüber hinaus beschreibt sie wie heimische Wildkräuter zur Heilung und Vorbeugung angewendet werden können.</marc:subfield>
   </marc:datafield>
   <marc:datafield ind1=" " ind2=" " tag="020">
      <marc:subfield code="a">9783440153611</marc:subfield>
      <marc:subfield code="9">9783440153611</marc:subfield>
   </marc:datafield>
   <marc:datafield ind1=" " ind2=" " tag="020">
      <marc:subfield code="a">3440153614</marc:subfield>
      <marc:subfield code="9">3440153614</marc:subfield>
   </marc:datafield>
   <marc:datafield ind1="0" ind2=" " tag="490">
      <marc:subfield code="v">0</marc:subfield>
   </marc:datafield>
   <marc:datafield ind1=" " ind2=" " tag="300">
      <marc:subfield code="a">142 Seiten : Illustriert</marc:subfield>
   </marc:datafield>
</marc:record>
